Statistiques concernant Pays qui ont participé à la Copa America

Cliquez ici pour prendre le quiz!

Statistiques générales

  • Ce quiz a été pris 127 fois
  • Le résultat moyen est 16 sur 19

Statistiques - réponses

Nmb de participationPaysMeilleur score% Correct
43ArgentineGagnant
100%
37BrésilGagnant
98%
45UruguayGagnant
98%
40ChiliGagnant
97%
38ParaguayGagnant
96%
24ColombieGagnant
95%
10MexiqueFinaliste
95%
33PérouGagnant
93%
29Equateur4° place
92%
19Venezuela4° place
91%
4Etats-Unis4° place
89%
28BolivieGagnant
88%
1Honduras3° place
81%
5Costa Rica1/4 de finale
80%
1PanamaPhase de groupe
77%
2JamaiquePhase de groupe
71%
1HaïtiPhase de groupe
61%
1QatarPhase de groupe
35%
2JaponPhase de groupe
32%

Distribution des résultats

Percentile par nombre de réponses

% des personnes avec chaque résultat

Votre développement - résultats

Vous n’avez pas pris ce quiz